[Event "ROM-ch sf"]
[Site "Baile Tusnad"]
[Date "2000.??.??"]
[Round "10"]
[White "Glodeanu, Ion"]
[Black "Vasut, Zaharia"]
[Result "1-0"]
[WhiteElo "2311"]
[BlackElo "2175"]
[PlyCount "43"]
[EventDate "2000.05.??"]
[EventType "swiss"]
[EventRounds "11"]
[EventCountry "ROU"]
[SourceTitle "EXT 2001"]
[Source "ChessBase"]
[SourceDate "2000.11.22"]
[SourceVersion "1"]
[SourceVersionDate "2000.11.22"]
[SourceQuality "1"]

1. e4 Nf6 2. e5 Nd5 3. c4 Nb6 4. c5 Nd5 5. Nc3 Nxc3 6. dxc3 e6 7. Qg4 g6 8. Bg5 Be7 9. Nf3 b6 10. cxb6 axb6 11. Bh6 Bb7 12. Bd3 Ra5 13. 0-0 f5 14. exf6 Bxf6 15. Rfe1 Nc6 16. Rad1 Ne7 17. Nd4 e5 18. b4 Ra8 19. Nf3 d6 20. Qe6 Bxf3 21. gxf3 Bh4 22. Bb5+ 1-0

[Event "ROM-ch sf"]
[Site "Baile Tusnad"]
[Date "2000.??.??"]
[Round "4"]
[White "Vasut, Zaharia"]
[Black "Doncea, Vladimir"]
[Result "0-1"]
[WhiteElo "2175"]
[BlackElo "2016"]
[PlyCount "76"]
[EventDate "2000.05.??"]
[EventType "swiss"]
[EventRounds "11"]
[EventCountry "ROU"]
[SourceTitle "EXT 2001"]
[Source "ChessBase"]
[SourceDate "2000.11.22"]
[SourceVersion "1"]
[SourceVersionDate "2000.11.22"]
[SourceQuality "1"]

1. e4 c5 2. c3 d5 3. exd5 Qxd5 4. d4 Nf6 5. Nf3 e6 6. Be2 Be7 7. 0-0 0-0 8. Be3 Nc6 9. dxc5 Qxd1 10. Rxd1 Ng4 11. Bg5 Bxc5 12. Nd4 e5 13. Nxc6 Bxf2+ 14. Kf1 bxc6 15. h3 Be3 16. Be7 Nf2 17. Bxf8 Nxd1 18. Bxg7 Bc1 19. Bxe5 Ne3+ 20. Kf2 Nc2 21. Bd3 Nxa1 22. c4 Bh6 23. b3 Bg7 24. Bd6 Be6 25. Ke2 Rd8 26. c5 Bd5 27. Nd2 Bxg2 28. Bf5 Bf8 29. Nc4 Bd5 30. Kd2 Bxc4 31. bxc4 Bxd6 32. cxd6 Rxd6+ 33. Kc1 Rd4 34. Kb2 Rxc4 35. Kxa1 Rb4 36. a3 Rb5 37. Bd7 Rb6 38. Ka2 c5 0-1